| 000 | 00655nam a2200205Ia 4500 | ||
|---|---|---|---|
| 003 | GCL | ||
| 008 | 140319s9999 xx 000 0 ara d | ||
| 040 |
_aGCL / _cGCL |
||
| 082 | 0 | 4 |
_a891.7 _bك م |
| 100 | 1 | _aكو تساريف, نيكولاى | |
| 245 | 1 | 0 |
_aمن الف سنة على الطريق / _cكو تساريف, نيكولاى |
| 700 | 1 | _aعبدالرحمن خميس | |
| 300 | _a103 ص | ||
| 490 |
_aالهيئة العامة للاستعلامات _v0 |
||
| 650 | 0 | 4 | _aالادب العربى |
| 650 | 0 | 4 | _aالقصص القصيرة |
| 650 | 0 | 4 | _aالقصص التاريخية |
| 650 | 0 | 4 | _aالادب التاريخى |
| 942 |
_2ddc _cBK |
||
| 999 |
_c50510 _d50510 |
||